| 000 | 00588nam a2200193 a 4500 | ||
|---|---|---|---|
| 001 | 1770891107186 | ||
| 003 | YourLibrary | ||
| 005 | 20260212154604.0 | ||
| 008 | 260212s1996##################000#0#eng## | ||
| 020 | _a9781858981215 | ||
| 082 | 0 | 4 |
_a330.9 _bBRE |
| 100 | 1 |
_aStudies, European Association for Comparative Economic, _eauthor. |
|
| 245 | 1 | 0 | _aThe Economic Impact of New Firms in Post-socialist Countries : |
| 260 |
_bEdward Elgar Publishing, _c1996. |
||
| 300 | _a296 pages | ||
| 650 | 0 | _aBusiness & Economics. | |
| 942 | _cENGLISH | ||
| 040 |
_aYourLibrary _beng _cYourLibrary |
||
| 999 |
_c612064 _d612064 |
||